LIBRARY & INFORMATION CENTRE, KCAET, TAVANUR

ONLINE PUBLIC ACCESS CATALOGUE (OPAC)

Dictionary of Information Technology / (Record no. 9894)

MARC details
000 -LEADER
fixed length control field 00340cam a2200133ua 4500
020 ## - INTERNATIONAL STANDARD BOOK NUMBER
ISBN 81-85392-92-7
082 ## - DEWEY DECIMAL CLASSIFICATION NUMBER
Classification number 004.03
Item number COL/DI
100 ## - MAIN ENTRY--AUTHOR NAME
Personal name Collin, S M H.
245 ## - TITLE STATEMENT
Title Dictionary of Information Technology /
250 ## - EDITION STATEMENT
Edition statement 1 /
260 ## - PUBLICATION, DISTRIBUTION, ETC. (IMPRINT)
Place of publication Middlesex :
Name of publisher Peter Collin Publishing Ltd ,
Year of publication 1990.
300 ## - PHYSICAL DESCRIPTION
Number of Pages 232 ; .
942 ## - ADDED ENTRY ELEMENTS (KOHA)
Koha item type Reference
Holdings
Withdrawn status Lost status Damaged status Collection code Home library Current library Shelving location Date acquired Full call number Accession Number Koha item type
      Reference KAUAET KAUAET Reference 07/04/2012 004.03.COL/DIC 19201 Reference
free website counter